00651cam a22002057a 450000500170000000800410001701000100005801100100006803500100007809000160008811100810010424500780018526000340026330000090029759000410030659000420034765000320038990100070042199900170042820220329141120.0971010s1987 r 00010 d a62820 a63792 a68182 aFolleto 16800aGroupement National Interprofessionnel des Semences et Plants. Paris.95083013aLa graminée fourragére qui réussit partoutb: la fétuque elevée aParis :bLe Groupement,c1987 a8 p. aBATCH-UPDb10c20130110lUCH01h0832 aCONVERSIONb10c20130109lUCH01h133414aFestuca arundinacea.940663 aBK c62820d62820